00719 2200253 4500001002100000005001700021008004100038020002200079035002400101040001200125082001900137084002000156090002000176100001900196245007900215260002400294300003100318504003100349650002200380850001200402990001700414990001700431990001700448INLIS00000000000023020141007133052.0  a978-4-8053-1055-7 0010-101400000000125 aYOPDYOG aQ 769.952 MarJ aQ 769.952 Mar J aQ 769.952 Mar J aMARKS, Andreas aJapanese woodblock prints :bartists, publishers and masterworks 1680-1900 aTokyobTuttlec2010 a336 hlm.b: ilus. ;c31 cm aBibliografi : hlm. 324-325 aSeni pahat-Jepang aYOPDYOG a8497-PD/B.14 a8498-PD/B.14 a8498-PD/B.14